<?xml version="1.0" encoding="UTF-8"?>
<record
    xmlns:xsi="http://www.w3.org/2001/XMLSchema-instance"
    xsi:schemaLocation="http://www.loc.gov/MARC21/slim http://www.loc.gov/standards/marcxml/schema/MARC21slim.xsd"
    xmlns="http://www.loc.gov/MARC21/slim">

  <leader>01552nam a22003377a 4500</leader>
  <controlfield tag="003">MX-MxINE</controlfield>
  <controlfield tag="005">20260601171012.0</controlfield>
  <controlfield tag="008">260420b2009\\\\spaa||||\||||\00|\0\spa\d</controlfield>
  <datafield tag="020" ind1=" " ind2=" ">
    <subfield code="a">9786077710028 (v. 1)</subfield>
  </datafield>
  <datafield tag="040" ind1=" " ind2=" ">
    <subfield code="a">ICI</subfield>
    <subfield code="b">spa</subfield>
    <subfield code="c">ICI</subfield>
  </datafield>
  <datafield tag="050" ind1=" " ind2=" ">
    <subfield code="a">QE203.Q7</subfield>
    <subfield code="b">V35</subfield>
  </datafield>
  <datafield tag="100" ind1=" " ind2=" ">
    <subfield code="e">autor</subfield>
  </datafield>
  <datafield tag="245" ind1=" " ind2="0">
    <subfield code="a">El Valle de Quer&#xE9;taro y su geoentorno /</subfield>
    <subfield code="c">Alejandra Cort&#xE9;s Silva, Jorge A. Arzate Flores, Alejandro A. Lozano Guzm&#xE1;n, editores ; Instituto de Geofisica, UNAM, Centro de Geociencias, UNAM, CONCYTEQ</subfield>
  </datafield>
  <datafield tag="264" ind1=" " ind2=" ">
    <subfield code="a">Santiago de Quer&#xE9;taro, Qro. :</subfield>
    <subfield code="b">Consejo de Ciencia y Tecnolog&#xED;a del Estado de Quer&#xE9;taro,</subfield>
    <subfield code="c">2009</subfield>
  </datafield>
  <datafield tag="300" ind1=" " ind2=" ">
    <subfield code="a">vol&#xFA;menes :</subfield>
    <subfield code="b">ilustraciones</subfield>
  </datafield>
  <datafield tag="336" ind1=" " ind2=" ">
    <subfield code="2">rdacontent</subfield>
    <subfield code="a">texto</subfield>
  </datafield>
  <datafield tag="337" ind1=" " ind2=" ">
    <subfield code="2">rdamedia</subfield>
    <subfield code="a">sin medio</subfield>
  </datafield>
  <datafield tag="338" ind1=" " ind2=" ">
    <subfield code="2">rdacarrier</subfield>
    <subfield code="a">volumen</subfield>
  </datafield>
  <datafield tag="490" ind1=" " ind2="0">
    <subfield code="a">El Agua en Quer&#xE9;taro ;</subfield>
    <subfield code="v">t. 1</subfield>
  </datafield>
  <datafield tag="500" ind1=" " ind2=" ">
    <subfield code="a">Coedici&#xF3;n con: UNAM : Universidad Aut&#xF3;noma de Quer&#xE9;taro, Instituto Polit&#xE9;cnico Nacional y el Centro Queretano de Recursos Naturales</subfield>
  </datafield>
  <datafield tag="650" ind1=" " ind2=" ">
    <subfield code="a">Geolog&#xED;a</subfield>
    <subfield code="z">Quer&#xE9;taro</subfield>
    <subfield code="9">33237</subfield>
  </datafield>
  <datafield tag="650" ind1=" " ind2=" ">
    <subfield code="a">Geof&#xED;sica</subfield>
    <subfield code="z">Quer&#xE9;taro</subfield>
    <subfield code="9">33238</subfield>
  </datafield>
  <datafield tag="650" ind1=" " ind2=" ">
    <subfield code="a">Hidrolog&#xED;a</subfield>
    <subfield code="z">Quer&#xE9;taro</subfield>
    <subfield code="9">33239</subfield>
  </datafield>
  <datafield tag="700" ind1=" " ind2="1">
    <subfield code="a">Cort&#xE9;s Silva, Alejandra,</subfield>
    <subfield code="e">editor</subfield>
    <subfield code="9">33240</subfield>
  </datafield>
  <datafield tag="700" ind1=" " ind2="1">
    <subfield code="a">Arzate Flores, Jorge A.,</subfield>
    <subfield code="e">editor</subfield>
    <subfield code="9">33241</subfield>
  </datafield>
  <datafield tag="700" ind1=" " ind2="1">
    <subfield code="a">Lozano Guzman, Alejandro A.,</subfield>
    <subfield code="e">editor</subfield>
    <subfield code="9">33242</subfield>
  </datafield>
  <datafield tag="710" ind1=" " ind2="2">
    <subfield code="a">Universidad Nacional Aut&#xF3;noma de M&#xE9;xico. </subfield>
    <subfield code="b">Instituto de Geof&#xED;sica</subfield>
    <subfield code="9">33243</subfield>
  </datafield>
  <datafield tag="710" ind1=" " ind2="2">
    <subfield code="a">Universidad Nacional Aut&#xF3;noma de M&#xE9;xico.</subfield>
    <subfield code="b">Centro de Geociencias</subfield>
    <subfield code="9">33244</subfield>
  </datafield>
  <datafield tag="710" ind1=" " ind2="2">
    <subfield code="a">Consejo de Ciencia y Tecnolog&#xED;a del Estado de Quer&#xE9;taro</subfield>
    <subfield code="9">33245</subfield>
  </datafield>
  <datafield tag="942" ind1=" " ind2=" ">
    <subfield code="2">lcc</subfield>
    <subfield code="n">0</subfield>
    <subfield code="c">B</subfield>
  </datafield>
  <datafield tag="999" ind1=" " ind2=" ">
    <subfield code="c">20533</subfield>
    <subfield code="d">20533</subfield>
  </datafield>
</record>
